Statistics for Most popular quizzes

Click here to take the quiz!

General Stats

  • This quiz has been taken 3 times
  • The average score is 2 of 35

Answer Stats

HintAnswer% Correct
1Countries of the World Quiz
100%
2US States Quiz
33%
7World Capitals Quiz
33%
1012 Months in 15 Seconds
0%
21Africa Map Quiz
0%
17All Country Flags of the World
0%
28Brand Logos Quiz #1
0%
12Countries by Borders in 90 Seconds
0%
35Countries by First and Last Two Letters
0%
5Countries by First Two Letters in 90 Seconds
0%
25Countries of Africa
0%
15Countries of Europe Quiz
0%
14Countries of the World with an Empty Map
0%
27Countries that Start with A
0%
23Countries that Start with B
0%
29Countries that Start with C
0%
30Countries that Start with S
0%
16Country Flags Quiz #1
0%
33East Asia Map Quiz
0%
26Elements of the Periodic Table Quiz
0%
8Europe Map Quiz
0%
4Fast Typing 1 to 100
0%
6Fast Typing A to Z
0%
11Fifty US States in One Minute
0%
31Find The Mystery Country Using Color Clues - Randomized!
0%
20NBA Teams Quiz
0%
22NFL Football Teams Quiz
0%
18Random Capital to Country
0%
34South America Map Quiz
0%
9United States Map Quiz
0%
13U.S. Presidents Quiz
0%
32U.S. State Capitals Quiz
0%
19US States by Borders in 30 Seconds
0%
24Word Scramble - Countries
0%
3World Map Without 20 Random Countries
0%

Score Distribution

Percentile by Number Answered

Percent of People with Each Score

Your Score History

You have not taken this quiz